Movies Quiz

Random Movies or Actor Quiz

Movie Couples (1980s) Quiz Stats

Quiz Updated Mar 19, 2012

Challenge
Share
Tweet
Embed
Score 0/60 Timer 08:00
1 Play Today
% Correct
Tom Cruise
92.3%
Patrick Swayze
88.2%
Meg Ryan
86.4%
Kevin Bacon
84.8%
Jack Nicholson
84.6%
Billy Crystal
81.1%
Al Pacino
80.5%
Morgan Freeman
78.9%
John Travolta
78.5%
Cher
78%
Goldie Hawn
73.8%
Jennifer Grey
73.3%
Kevin Costner
71.1%
Steve Martin
70.5%
Kurt Russell
68.2%
Michael Keaton
67.8%
Chevy Chase
66.9%
Michael Douglas
66.7%
Tom Hanks
65.8%
Kirstie Alley
63.6%
Barbra Streisand
63.2%
Meryl Streep
59.5%
Leslie Nielsen
59.4%
Susan Sarandon
59.2%
Henry Fonda
58.3%
Jessica Tandy
55.5%
Jeff Goldblum
55.4%
Nicolas Cage
55.3%
Melanie Griffith
55%
John Cusack
53.8%
% Correct
Sissy Spacek
51.2%
Harrison Ford
50.7%
Ralph Macchio
49.7%
Katharine Hepburn
48.8%
Priscilla Presley
47.9%
Robin Wright
47.5%
Robert Redford
47.4%
Cary Elwes
46.5%
Kathleen Turner
46%
Daryl Hannah
39.2%
Michelle Pfeiffer
39%
Kim Basinger
38.9%
Shelley Long
38.4%
Kelly McGillis
38.4%
Beverly D'Angelo
37.3%
Geena Davis
35%
Demi Moore
34.2%
Shelley Duvall
33.9%
Tommy Lee Jones
29.9%
Rob Lowe
29.3%
Elisabeth Shue
29%
Andrew McCarthy
23.6%
Kim Cattrall
23.5%
Ione Skye
22.5%
Robert Downey, Jr.
19.1%
Molly Ringwald
18.6%
Lori Singer
16%
Robert Hays
13.7%
Mandy Patinkin
11.6%
Julie Hagerty
10.4%

You're not logged in!

Compare scores with friends on all Sporcle quizzes.
Join for Free
OR
Log In

You Might Also Like...

Show Comments

Extras

Top Quizzes Today


Score Distribution

Your Account Isn't Verified!

In order to create a playlist on Sporcle, you need to verify the email address you used during registration. Go to your Sporcle Settings to finish the process.

Report this User

Report this user for behavior that violates our Community Guidelines.

Details: